5HLuxD.jpg

KING HENRY VIII SENIOR AND PRIMARY SCHOOL LIBRARY OPAC

Wonders of the solar system / (Record no. 344)

000 -LEADER
fixed length control field 00795nam a2200265 a 4500
001 - CONTROL NUMBER
control field 017804270
003 - CONTROL NUMBER IDENTIFIER
control field UkOxU
005 - DATE AND TIME OF LATEST TRANSACTION
control field 20190806153306.0
008 - FIXED-LENGTH DATA ELEMENTS--GENERAL INFORMATION
fixed length control field 110802s2010 enka 001 0 eng d
020 ## - INTERNATIONAL STANDARD BOOK NUMBER
International Standard Book Number 9780007386901
040 ## - CATALOGING SOURCE
Original cataloging agency UkOxU
Language of cataloging eng
Transcribing agency UkOxU
082 ## - DEWEY DECIMAL CLASSIFICATION NUMBER
Classification number 523.2 COX
100 1# - MAIN ENTRY--PERSONAL NAME
Personal name Cox, Brian,
Dates associated with a name 1968-
Relator term author
245 10 - TITLE STATEMENT
Title Wonders of the solar system /
Statement of responsibility, etc. Brian Cox & Andrew Cohen.
260 ## - PUBLICATION, DISTRIBUTION, ETC.
Place of publication, distribution, etc. London :
Name of publisher, distributor, etc. HarperCollins,
Date of publication, distribution, etc. 2010.
300 ## - PHYSICAL DESCRIPTION
Extent 256 p. :
Other physical details ill. (chiefly col.) ;
Dimensions 29 cm.
490 ## - SERIES STATEMENT
Series statement BBC TV series
500 ## - GENERAL NOTE
General note Includes index.
500 ## - GENERAL NOTE
General note Accompanies the BBC TV series.
651 #0 - SUBJECT ADDED ENTRY--GEOGRAPHIC NAME
Geographic name Solar system
Form subdivision Popular works.
700 1# - ADDED ENTRY--PERSONAL NAME
Personal name Cohen, Andrew
Titles and other words associated with a name (Scientist)
Relator term author
942 ## - ADDED ENTRY ELEMENTS (KOHA)
Source of classification or shelving scheme
Koha item type Books - Non Ficton
Holdings
Withdrawn status Lost status Source of classification or shelving scheme Damaged status Not for loan Collection code Permanent Location Current Location Shelving location Date acquired Total Checkouts Full call number Barcode Date last seen Date last checked out Price effective from Koha item type
          Non-Fiction KH8 Senior School Library KH8 Senior School Library Non Fiction 2019-08-06 2 523.2 COX 3KHSL000100331 2023-03-17 2023-03-16 2019-08-06 Books - Non Ficton

Powered By KH8 IT Dept